Hb̀eas data: La proteccin̤ jurd̕ica de los datos personales

Bibliographic Details
Main Author: Carranza Torres, Luis R.
Format: eBook
Language:Spanish
Published: Cr̤doba: Alveroni Ediciones, 2001
Subjects:
Online Access:Acceso restringido

MARC

LEADER 00000nam a22000007a 4500
005 20140424231543.0
007 cr|||| ||||
008 140424s2001 ar |||||s|||| 00||0 spa d
035 |a 12024 
040 |a vLex 
090 |c 4834  |d 4834 
100 1 |a Carranza Torres, Luis R. 
245 1 0 |a Hb̀eas data: La proteccin̤ jurd̕ica de los datos personales  |h [Recurso electrn̤ico] /  |c Luis R. Carranza Torres 
256 |a Servicio en ln̕ea 
260 |a Cr̤doba:  |b Alveroni Ediciones,  |c 2001 
300 |a 1 recurso electrn̤ico 
506 1 |a Disponible solo en los productos indicados  |d vLex Global  |d vLex Global (Academic Edition, excluding Law Schools)  |d vLex Global (U.S. Academic Edition, Law Schools)  |d vLex Global (U.S. Academic Edition, excluding Law Schools)  |d vLex Global (Academic Edition, Law Schools) 
650 0 4 |a Derecho Constitucional  |z Argentina 
740 0 |a vLex Libros (Servicio en ln̕ea) 
856 4 0 |u http://vlex.com/source/habeas-data-proteccion-juridica-datos-personales-12024  |z Acceso restringido 
942 |c BOOK 
999 0 |a Constitutional Law